| 000 | 00384nam a22001457a 4500 | ||
|---|---|---|---|
| 020 | _a9788126558568 | ||
| 040 | _cNUST | ||
| 082 |
_a620.106 _bFOX |
||
| 100 |
_aRobert W. Fox _953947 |
||
| 110 |
_aAlan T. Mcdonald, Philip J. Pritchard, John W. Mitchell _9124121 |
||
| 245 | _aFluid Mechanics | ||
| 260 |
_aIndia: _bJohn Wiley, _c2015 |
||
| 650 | _aFluid Mechanics | ||
| 942 |
_2ddc _cBK |
||
| 999 |
_c610085 _d610085 |
||